[Event "Landesliga Nord U20 1819"]
[Site "Bayern"]
[Date "2018.12.08"]
[Round "2.4"]
[White "Lieder, Dominik"]
[Black "Bradl, Niklas"]
[Result "1/2-1/2"]
[WhiteElo "1353"]
[BlackElo "1618"]
[PlyCount "58"]
[EventDate "2018.11.17"]
[EventType "team-tourn"]
[EventRounds "7"]
[EventCountry "GER"]
[SourceTitle "EXT 2022"]
[Source "ChessBase"]
[SourceDate "2021.10.06"]
[SourceVersion "1"]
[SourceVersionDate "2021.10.06"]
[SourceQuality "1"]
[WhiteTeam "Ergolding FC U20 II"]
[BlackTeam "Kareth Lappersdorf U20"]
[WhiteTeamCountry "GER"]
[BlackTeamCountry "GER"]

1. e4 c5 2. d4 cxd4 3. Qxd4 Nc6 4. Qe3 d6 5. Bd3 Nf6 6. Nf3 g6 7. Nc3 Bg7 8. Bd2 0-0 9. 0-0 d5 10. exd5 Nxd5 11. Nxd5 Qxd5 12. c3 Bg4 13. Be2 Rad8 14. Rfd1 Rd6 15. Be1 Qe6 16. Rxd6 Qxd6 17. Rd1 Qc7 18. Nd2 Bxe2 19. Qxe2 Rd8 20. Nf3 Rxd1 21. Qxd1 Ne5 22. Bd2 Qd6 23. Nxe5 Bxe5 24. g3 Qd3 25. Qe1 Bf6 26. Be3 a6 27. Bc5 e6 28. Be3 Qc2 29. Qc1 Qxc1+ 1/2-1/2